[Event "IND-chT 35th"]
[Site "Goa"]
[Date "2015.02.25"]
[Round "8"]
[White "Swapnil, S Dhopade"]
[Black "Hariharan, Venkatachalam"]
[Result "1-0"]
[WhiteElo "2438"]
[BlackElo "2116"]
[PlyCount "47"]
[EventDate "2015.02.20"]
[EventType "team-swiss"]
[EventRounds "9"]
[EventCountry "IND"]
[SourceTitle "CBM 165 Extra"]
[Source "ChessBase"]
[SourceDate "2015.04.21"]
[SourceVersion "1"]
[SourceVersionDate "2015.04.21"]
[SourceQuality "1"]
[WhiteTeam "Railway Sports II"]
[BlackTeam "All India CF"]
[WhiteTeamCountry "IND"]
[BlackTeamCountry "IND"]

1. d4 d5 2. c4 e6 3. Nf3 Nf6 4. Nc3 Be7 5. Bf4 0-0 6. e3 c5 7. dxc5 Bxc5 8. Qc2 Nc6 9. a3 dxc4 10. Bxc4 Qe7 11. Bg5 h6 12. Bh4 a6 13. Ba2 Qc7 14. Bb1 Re8 15. Bxf6 gxf6 16. Qh7+ Kf8 17. Qxh6+ Ke7 18. Ne4 Qa5+ 19. Nfd2 f5 20. Qf6+ Kf8 21. b4 Bxb4 22. axb4 Qxb4 23. Ng5 Nd8 24. Nh7+ 1-0

[Event "IND-chT 35th"]
[Site "Goa"]
[Date "2015.02.21"]
[Round "2"]
[White "Hariharan, Venkatachalam"]
[Black "Das, Arghyadip"]
[Result "0-1"]
[WhiteElo "2116"]
[BlackElo "2476"]
[PlyCount "58"]
[EventDate "2015.02.20"]
[EventType "team-swiss"]
[EventRounds "9"]
[EventCountry "IND"]
[SourceTitle "CBM 165 Extra"]
[Source "ChessBase"]
[SourceDate "2015.04.21"]
[SourceVersion "1"]
[SourceVersionDate "2015.04.21"]
[SourceQuality "1"]
[WhiteTeam "All India CF"]
[BlackTeam "Railway Sports"]
[WhiteTeamCountry "IND"]
[BlackTeamCountry "IND"]

1. Nf3 Nf6 2. b3 g6 3. Bb2 Bg7 4. g3 0-0 5. Bg2 c5 6. c4 e6 7. 0-0 d5 8. d3 Nc6 9. e3 d4 10. exd4 cxd4 11. Nbd2 Re8 12. a3 a5 13. Re1 e5 14. b4 axb4 15. axb4 Rxa1 16. Bxa1 Nxb4 17. Nxe5 Nh5 18. Qb3 Bxe5 19. Qxb4 Bxg3 20. Rxe8+ Qxe8 21. fxg3 Qe1+ 22. Bf1 Qxa1 23. Qe7 Bf5 24. Nb3 Qd1 25. Qd8+ Kg7 26. Qxd4+ Nf6 27. Qc3 h5 28. Kg2 Bh3+ 29. Kxh3 Qxf1+ 0-1

[Event "IND-chB 45th"]
[Site "Dindigul"]
[Date "2007.06.12"]
[Round "2"]
[White "Hariharan, Venkatachalam"]
[Black "Rathnakaran, Kantholi"]
[Result "0-1"]
[WhiteElo "2200"]
[BlackElo "2413"]
[PlyCount "54"]
[EventDate "2007.06.11"]
[EventType "swiss"]
[EventRounds "12"]
[EventCountry "IND"]
[SourceTitle "CBM 119 Extra"]
[Source "ChessBase"]
[SourceDate "2007.09.04"]
[SourceVersion "1"]
[SourceVersionDate "2007.09.04"]
[SourceQuality "1"]

1. e4 e6 2. d4 d5 3. exd5 exd5 4. Bd3 Nc6 5. c3 Bd6 6. Qf3 Nge7 7. Bf4 Be6 8. Ne2 Ng6 9. Bxd6 Qxd6 10. Qg3 Qd7 11. Nd2 0-0-0 12. 0-0 Bf5 13. Bb5 h5 14. h3 a6 15. Bxc6 Qxc6 16. Nf4 h4 17. Nxg6 Bxg6 18. Qf4 Bd3 19. Rfe1 f6 20. Re3 g5 21. Qg4+ f5 22. Qxg5 Rdg8 23. Qe7 Be4 24. Nxe4 dxe4 25. Qe5 Rh5 26. Kh2 Qh6 27. g3 f4 0-1

[Event "Chennai WinTV op 1st"]
[Site "Chennai"]
[Date "2004.01.30"]
[Round "11"]
[White "Hariharan, Venkatachalam"]
[Black "Neelotpal, Das"]
[Result "0-1"]
[WhiteElo "2245"]
[BlackElo "2461"]
[PlyCount "58"]
[EventDate "2004.01.21"]
[EventType "swiss"]
[EventRounds "13"]
[EventCountry "IND"]
[SourceTitle "CBM 098 Extra"]
[Source "ChessBase"]
[SourceDate "2004.03.10"]
[SourceVersion "2"]
[SourceVersionDate "2004.03.10"]
[SourceQuality "1"]

1. e4 c5 2. Nf3 d6 3. d4 cxd4 4. Nxd4 Nf6 5. Nc3 Nc6 6. Bg5 Qb6 7. Nb3 e6 8. Qd2 a6 9. 0-0-0 Be7 10. f3 0-0 11. h4 Rd8 12. h5 Qc7 13. Be3 b5 14. g4 Ne5 15. Qg2 Bb7 16. g5 Nfd7 17. f4 b4 18. Nb1 Nc6 19. g6 Bf6 20. gxf7+ Kxf7 21. Bc4 Ne7 22. N1d2 d5 23. Bd3 dxe4 24. Nxe4 Nf5 25. Bd2 a5 26. Rhg1 Bxe4 27. Qxe4 a4 28. Rde1 Nf8 29. Bc4 Nd4 0-1

[Event "Chennai WinTV op 1st"]
[Site "Chennai"]
[Date "2004.01.23"]
[Round "4"]
[White "Hariharan, Venkatachalam"]
[Black "Narayanan, Srinath"]
[Result "1-0"]
[WhiteElo "2245"]
[BlackElo "2003"]
[PlyCount "107"]
[EventDate "2004.01.21"]
[EventType "swiss"]
[EventRounds "13"]
[EventCountry "IND"]
[SourceTitle "CBM 098 Extra"]
[Source "ChessBase"]
[SourceDate "2004.03.10"]
[SourceVersion "2"]
[SourceVersionDate "2004.03.10"]
[SourceQuality "1"]

1. e4 c5 2. Nf3 d6 3. d4 Nf6 4. Nc3 cxd4 5. Nxd4 a6 6. Be2 e6 7. 0-0 Be7 8. Be3 0-0 9. f4 Nc6 10. a4 Qc7 11. Kh1 Re8 12. Bf3 Bd7 13. Nb3 Bf8 14. a5 Rac8 15. g4 Kh8 16. g5 Ng8 17. Bb6 Qb8 18. Bg2 g6 19. Qd2 Bg7 20. Rad1 Nb4 21. Nd4 Ne7 22. Nce2 Nbc6 23. c3 d5 24. Ng3 dxe4 25. Nxe4 Nd5 26. Nxc6 Bxc6 27. Bd4 Rcd8 28. Bxg7+ Kxg7 29. Qd4+ Kg8 30. c4 Nxf4 31. Nf6+ Kh8 32. Nd7+ e5 33. Bxc6 exd4 34. Nxb8 bxc6 35. Nxc6 Rd6 36. Rxf4 Rxc6 37. Rdxd4 Re1+ 38. Kg2 Rc7 39. b4 Kg7 40. Rd6 Re2+ 41. Kg3 Re3+ 42. Kf2 Rb3 43. c5 Rb2+ 44. Kg3 Rb3+ 45. Kf2 Rb2+ 46. Kf3 Rb3+ 47. Ke2 Rb2+ 48. Kd3 Rxh2 49. Rxa6 Rb2 50. Rc4 h5 51. gxh6+ Kxh6 52. Rf6 Rb7 53. Rb6 Rc7 54. a6 1-0

[Event "IND-ch 30th"]
[Site "Calicut"]
[Date "2003.12.20"]
[Round "23"]
[White "Hariharan, Venkatachalam"]
[Black "Sundararajan, Kidambi"]
[Result "0-1"]
[WhiteElo "2245"]
[BlackElo "2446"]
[PlyCount "64"]
[EventDate "2003.12.04"]
[EventType "tourn"]
[EventRounds "23"]
[EventCountry "IND"]
[EventCategory "8"]
[SourceTitle "CBM 097 Extra"]
[Source "ChessBase"]
[SourceDate "2004.01.13"]
[SourceVersion "1"]
[SourceVersionDate "2004.01.13"]
[SourceQuality "1"]

1. e4 c5 2. Nf3 d6 3. d4 cxd4 4. Nxd4 Nf6 5. Nc3 e6 6. Be2 a6 7. 0-0 Qc7 8. f4 Nbd7 9. Be3 b5 10. Bf3 Bb7 11. a3 Be7 12. g4 Nc5 13. e5 dxe5 14. fxe5 Nfe4 15. Ndxb5 axb5 16. Nxb5 Qxe5 17. Bd4 Qb8 18. b4 Ng5 19. bxc5 Bxf3 20. Rxf3 Qxb5 21. Rb3 Qc6 22. h4 Ne4 23. Bxg7 Bxc5+ 24. Kh2 Qd6+ 25. Qxd6 Bxd6+ 26. Kh3 Rg8 27. Bd4 Rc8 28. c3 f5 29. g5 h6 30. Be3 hxg5 31. Bxg5 Nxg5+ 32. hxg5 Rxg5 0-1

[Event "IND-ch 30th"]
[Site "Calicut"]
[Date "2003.12.18"]
[Round "21"]
[White "Hariharan, Venkatachalam"]
[Black "Sandipan, Chanda"]
[Result "0-1"]
[WhiteElo "2245"]
[BlackElo "2504"]
[PlyCount "56"]
[EventDate "2003.12.04"]
[EventType "tourn"]
[EventRounds "23"]
[EventCountry "IND"]
[EventCategory "8"]
[SourceTitle "CBM 097 Extra"]
[Source "ChessBase"]
[SourceDate "2004.01.13"]
[SourceVersion "1"]
[SourceVersionDate "2004.01.13"]
[SourceQuality "1"]

1. e4 c5 2. Nf3 e6 3. d4 cxd4 4. Nxd4 Nf6 5. Nc3 d6 6. Be2 Be7 7. 0-0 Nc6 8. Be3 Bd7 9. Nb3 a6 10. a4 b6 11. f4 0-0 12. Bf3 Qc7 13. Kh1 Rfe8 14. Qe2 Bc8 15. Qc4 Bb7 16. Rae1 Rac8 17. Qe2 Nd7 18. g4 Nc5 19. Nxc5 bxc5 20. Bg2 Nb4 21. Bc1 d5 22. e5 d4 23. Ne4 c4 24. Qf2 d3 25. c3 Nc2 26. Rd1 Bc6 27. f5 Qxe5 28. Bf4 Qxe4 0-1

[Event "IND-ch 30th"]
[Site "Calicut"]
[Date "2003.12.16"]
[Round "18"]
[White "Roktim, Bandyopadhyay"]
[Black "Hariharan, Venkatachalam"]
[Result "1/2-1/2"]
[WhiteElo "2352"]
[BlackElo "2245"]
[PlyCount "124"]
[EventDate "2003.12.04"]
[EventType "tourn"]
[EventRounds "23"]
[EventCountry "IND"]
[EventCategory "8"]
[SourceTitle "CBM 097 Extra"]
[Source "ChessBase"]
[SourceDate "2004.01.13"]
[SourceVersion "1"]
[SourceVersionDate "2004.01.13"]
[SourceQuality "1"]

1. d4 d5 2. c4 e6 3. Nf3 Nf6 4. Nc3 Be7 5. g3 0-0 6. Bg2 c6 7. 0-0 Nbd7 8. b3 b6 9. Bb2 Bb7 10. Nd2 c5 11. cxd5 exd5 12. Nc4 cxd4 13. Qxd4 dxc4 14. Bxb7 Nc5 15. Qxd8 Raxd8 16. Bf3 cxb3 17. axb3 Nxb3 18. Rxa7 Bc5 19. Na4 Nd2 20. Bxf6 gxf6 21. Nxc5 Nxf1 22. Nd7 Nd2 23. Kg2 Nxf3 24. Kxf3 Ra8 25. Rb7 Rfd8 26. Nxf6+ Kg7 27. Rxb6 Rab8 28. Nh5+ Kg8 29. Rxb8 Rxb8 30. h4 h6 31. e4 Kf8 32. Kg4 Ke7 33. Kf5 Rb3 34. f4 Rb5+ 35. e5 Rb3 36. Kg4 Kf8 37. Nf6 Re3 38. Nh5 Ra3 39. Kf5 Rb3 40. Kg4 Ra3 41. Nf6 Re3 42. f5 Kg7 43. Kf4 Ra3 44. Nh5+ Kf8 45. f6 Rb3 46. Ke4 Ra3 47. Kf5 Re3 48. Kf4 Rb3 49. Ng7 Rb4+ 50. Kf5 Rb3 51. g4 Rh3 52. e6 Rf3+ 53. Ke5 fxe6 54. Kxe6 Rg3 55. Kf5 Kf7 56. g5 hxg5 57. hxg5 Rf3+ 58. Ke5 Re3+ 59. Kf4 Ra3 60. Nh5 Ra4+ 61. Kf5 Ra5+ 62. Kg4 Ra6 1/2-1/2

[Event "IND-ch 30th"]
[Site "Calicut"]
[Date "2003.12.14"]
[Round "15"]
[White "Hariharan, Venkatachalam"]
[Black "Koneru, Humpy"]
[Result "0-1"]
[WhiteElo "2245"]
[BlackElo "2485"]
[PlyCount "72"]
[EventDate "2003.12.04"]
[EventType "tourn"]
[EventRounds "23"]
[EventCountry "IND"]
[EventCategory "8"]
[SourceTitle "CBM 097 Extra"]
[Source "ChessBase"]
[SourceDate "2004.01.13"]
[SourceVersion "1"]
[SourceVersionDate "2004.01.13"]
[SourceQuality "1"]

1. e4 g6 2. d4 Bg7 3. Nf3 d6 4. Nc3 a6 5. Be2 e6 6. 0-0 Nd7 7. a4 b6 8. Re1 h6 9. Bf1 Ne7 10. Bf4 g5 11. Be3 Bb7 12. Nd2 Ng6 13. Ne2 0-0 14. c3 f5 15. f3 Nf6 16. exf5 exf5 17. c4 g4 18. d5 f4 19. Bf2 gxf3 20. gxf3 Nh5 21. Ne4 Bc8 22. Nd4 Ne5 23. a5 bxa5 24. Ne6 Bxe6 25. dxe6 Qe7 26. Bh3 Nxc4 27. Bg4 Nf6 28. Bh4 Ne3 29. Rxe3 fxe3 30. Kh1 Nxe4 31. Bxe7 Nf2+ 32. Kg2 Nxd1 33. Rxd1 Rfb8 34. f4 Rxb2+ 35. Kf3 e2 36. Re1 a4 0-1

[Event "IND-ch 30th"]
[Site "Calicut"]
[Date "2003.12.12"]
[Round "12"]
[White "Hariharan, Venkatachalam"]
[Black "Das, Arghyadip"]
[Result "1/2-1/2"]
[WhiteElo "2245"]
[BlackElo "2299"]
[PlyCount "42"]
[EventDate "2003.12.04"]
[EventType "tourn"]
[EventRounds "23"]
[EventCountry "IND"]
[EventCategory "8"]
[SourceTitle "CBM 097 Extra"]
[Source "ChessBase"]
[SourceDate "2004.01.13"]
[SourceVersion "1"]
[SourceVersionDate "2004.01.13"]
[SourceQuality "1"]

1. e4 c5 2. Nf3 d6 3. d4 cxd4 4. Nxd4 Nf6 5. Nc3 a6 6. f3 Nc6 7. Be3 d5 8. exd5 Nxd5 9. Nxd5 Qxd5 10. Nxc6 Qxc6 11. Qd4 Bf5 12. Bc4 e6 13. Rd1 Bxc2 14. Rc1 Rd8 15. Qc3 Bg6 16. a4 Qxa4 17. 0-0 Qb4 18. Qe5 Qd6 19. Qc3 Qb4 20. Qe5 Qd6 21. Qc3 Qb4 1/2-1/2

[Event "IND-ch 30th"]
[Site "Calicut"]
[Date "2003.12.10"]
[Round "10"]
[White "Hariharan, Venkatachalam"]
[Black "Bakre, Tejas"]
[Result "0-1"]
[WhiteElo "2245"]
[BlackElo "2443"]
[PlyCount "85"]
[EventDate "2003.12.04"]
[EventType "tourn"]
[EventRounds "23"]
[EventCountry "IND"]
[EventCategory "8"]
[SourceTitle "CBM 097 Extra"]
[Source "ChessBase"]
[SourceDate "2004.01.13"]
[SourceVersion "1"]
[SourceVersionDate "2004.01.13"]
[SourceQuality "1"]

1. e4 c5 2. Nf3 d6 3. d4 cxd4 4. Nxd4 Nf6 5. Nc3 Nc6 6. Bg5 e6 7. Qd2 a6 8. 0-0-0 Bd7 9. f3 Be7 10. Kb1 Rc8 11. g4 b5 12. Be3 h6 13. Qf2 Qc7 14. Bd3 b4 15. Nce2 d5 16. Nxc6 Bxc6 17. e5 Nd7 18. f4 d4 19. Bxd4 Bxh1 20. Rxh1 Nc5 21. Bxc5 Qxc5 22. Qf3 a5 23. Ng3 a4 24. Ne4 Qa5 25. Nd6+ Bxd6 26. exd6 0-0 27. Qe4 g6 28. Rf1 Rcd8 29. f5 exf5 30. gxf5 Rxd6 31. Qf4 Rf6 32. Qxh6 Qe5 33. Qd2 Rb8 34. Re1 Qd6 35. Qg2 a3 36. fxg6 Qd4 37. gxf7+ Kxf7 38. Kc1 Qxb2+ 39. Kd1 Qa1+ 40. Kd2 Qd4 41. Kc1 b3 42. Qe2 Qf4+ 43. Qd2 0-1

[Event "IND-ch 30th"]
[Site "Calicut"]
[Date "2003.12.09"]
[Round "9"]
[White "Neelotpal, Das"]
[Black "Hariharan, Venkatachalam"]
[Result "1-0"]
[WhiteElo "2443"]
[BlackElo "2245"]
[PlyCount "103"]
[EventDate "2003.12.04"]
[EventType "tourn"]
[EventRounds "23"]
[EventCountry "IND"]
[EventCategory "8"]
[SourceTitle "CBM 097 Extra"]
[Source "ChessBase"]
[SourceDate "2004.01.13"]
[SourceVersion "1"]
[SourceVersionDate "2004.01.13"]
[SourceQuality "1"]

1. e4 e6 2. d4 d5 3. Nc3 Nf6 4. e5 Nfd7 5. f4 c5 6. Nf3 Nc6 7. Be3 a6 8. Qd2 b5 9. a3 Bb7 10. Ne2 c4 11. g4 h5 12. gxh5 Rxh5 13. Ng3 Rh8 14. f5 exf5 15. Nxf5 g6 16. Ng3 Qc7 17. Ng5 Ndxe5 18. dxe5 0-0-0 19. Bg2 Nxe5 20. 0-0-0 Qd7 21. Kb1 f6 22. Nf3 Ng4 23. Bd4 Bh6 24. Qc3 Bg7 25. Rde1 Qc7 26. Re2 Rde8 27. Rxe8+ Rxe8 28. Bh3 Qd7 29. Re1 Rg8 30. Qb4 f5 31. Re7 Bf8 32. Rxd7 Bxb4 33. Rf7 Bd6 34. Bxg4 fxg4 35. Ne5 Re8 36. Nxg6 a5 37. c3 b4 38. axb4 axb4 39. cxb4 Re1+ 40. Ka2 Rd1 41. Be5 Bxe5 42. Nxe5 d4 43. Nf5 Bf3 44. Nd6+ Kb8 45. Nxf3 gxf3 46. Rxf3 Rd2 47. Nxc4 Rxh2 48. Rf4 d3 49. Rd4 Rh3 50. Ne5 Kc7 51. Nxd3 Kc6 52. Kb3 1-0

[Event "IND-ch 30th"]
[Site "Calicut"]
[Date "2003.12.06"]
[Round "4"]
[White "Hariharan, Venkatachalam"]
[Black "Venkatesh, Marani Rajendran"]
[Result "0-1"]
[WhiteElo "2245"]
[BlackElo "2401"]
[PlyCount "84"]
[EventDate "2003.12.04"]
[EventType "tourn"]
[EventRounds "23"]
[EventCountry "IND"]
[EventCategory "8"]
[SourceTitle "CBM 097 Extra"]
[Source "ChessBase"]
[SourceDate "2004.01.13"]
[SourceVersion "1"]
[SourceVersionDate "2004.01.13"]
[SourceQuality "1"]

1. d4 Nf6 2. Nf3 b6 3. Bf4 Bb7 4. e3 g6 5. Be2 Bg7 6. 0-0 d6 7. h3 Nbd7 8. a4 a5 9. Bh2 0-0 10. c4 Re8 11. Nc3 e5 12. Qc2 Qe7 13. Nd2 d5 14. Rad1 exd4 15. exd4 c5 16. Bf3 cxd4 17. Nxd5 Nxd5 18. Bxd5 Nc5 19. b3 Rad8 20. Bxb7 d3 21. Qb1 Qxb7 22. Rfe1 Re2 23. Bf4 Bd4 24. Rxe2 dxe2 25. Re1 Nd3 26. Qxd3 Bxf2+ 27. Kxf2 Rxd3 28. Rxe2 Qd7 29. Nf3 Rxb3 30. Bg5 Kg7 31. Re7 Qf5 32. Be3 Qc2+ 33. Kg3 Kf8 34. Re5 f6 35. Bh6+ Kf7 36. Rd5 Qxc4 37. Rd7+ Ke6 38. Rxh7 g5 39. Bf8 Qf4+ 40. Kf2 Rb2+ 41. Kf1 Qc4+ 42. Kg1 Rb1+ 0-1

[Event "IND-ch 30th"]
[Site "Calicut"]
[Date "2003.12.04"]
[Round "2"]
[White "Hariharan, Venkatachalam"]
[Black "Ramesh, Ramachandran B"]
[Result "1/2-1/2"]
[WhiteElo "2245"]
[BlackElo "2466"]
[PlyCount "104"]
[EventDate "2003.12.04"]
[EventType "tourn"]
[EventRounds "23"]
[EventCountry "IND"]
[EventCategory "8"]
[SourceTitle "CBM 097 Extra"]
[Source "ChessBase"]
[SourceDate "2004.01.13"]
[SourceVersion "1"]
[SourceVersionDate "2004.01.13"]
[SourceQuality "1"]

1. e4 c5 2. d3 Nc6 3. f4 g6 4. Nf3 Bg7 5. Be2 d5 6. 0-0 e6 7. c3 Nge7 8. Na3 0-0 9. e5 Bd7 10. Nc2 d4 11. c4 f6 12. exf6 Bxf6 13. Nd2 Bg7 14. Ne4 b6 15. Bd2 Qc7 16. b4 cxb4 17. Nxb4 Nf5 18. Nxc6 Bxc6 19. Bg4 Rae8 20. Bxf5 exf5 21. Ng5 Qb7 22. Rf2 h6 23. Nf3 Re6 24. Qf1 Rfe8 25. Re1 Bxf3 26. Rxe6 Rxe6 27. Rxf3 Qe7 28. Rf2 Bf6 29. Qd1 Bh4 30. g3 Bf6 31. Qf3 Kh7 32. Kf1 Qa3 33. Kg2 Bg7 34. g4 fxg4 35. Qxg4 Rf6 36. Qf3 Rf5 37. Re2 Qxa2 38. Kg3 Qa3 39. Re6 Qa1 40. Be1 Qc1 41. Bf2 g5 42. Re7 Qxf4+ 43. Qxf4 Rxf4 44. Rxa7 Kg6 45. Rb7 Be5 46. Kg2 Rf6 47. Rd7 Re6 48. Bxd4 Bf4 49. h3 Kh5 50. Bf2 Re2 51. Kf3 Rb2 52. Bg3 Bxg3 1/2-1/2

[Event "Asia-chT fin 07th"]
[Site "Singapore"]
[Date "1987.08.10"]
[Round "6"]
[White "Ye, Rongguang"]
[Black "Hariharan, Venkatachalam"]
[Result "1-0"]
[WhiteElo "2370"]
[BlackElo "2275"]
[PlyCount "115"]
[EventDate "1987.08.05"]
[EventType "team"]
[EventRounds "9"]
[EventCountry "SIN"]
[SourceTitle "EXT 1997"]
[Source "ChessBase"]
[SourceDate "1996.11.15"]
[SourceVersion "1"]
[SourceVersionDate "1996.11.15"]
[SourceQuality "1"]
[WhiteTeam "China"]
[BlackTeam "India"]
[WhiteTeamCountry "CHN"]
[BlackTeamCountry "IND"]

1. Nf3 d5 2. d4 Nf6 3. Bg5 e6 4. e3 Be7 5. Bd3 0-0 6. Nbd2 b6 7. c3 Bb7 8. a4 Nbd7 9. a5 c5 10. Bb5 bxa5 11. Nb3 Ne4 12. Bxe7 Qxe7 13. Bxd7 Qxd7 14. Rxa5 cxd4 15. exd4 Bc6 16. Ne5 Qe8 17. f3 Nd6 18. Nxc6 Qxc6 19. Nc5 Nb7 20. Ra6 Qc8 21. Nd3 Rd8 22. Qa4 Nd6 23. 0-0 Qc4 24. Qxc4 Nxc4 25. Rfa1 Rd7 26. b3 Nd6 27. Ne5 Rdd8 28. Nc6 Rd7 29. Nxa7 g6 30. Kf2 h5 31. Ke2 Kg7 32. Nc6 Rc8 33. Ne5 Rdd8 34. Kd2 Nb5 35. Rc1 Rc7 36. Rb6 Nd6 37. Ra1 Nf5 38. Rc6 Rb7 39. b4 Ne7 40. Rc5 h4 41. Nc6 Nxc6 42. Rxc6 Kf6 43. Rca6 Rdd7 44. Ra8 Rdc7 45. R1a5 Rd7 46. g3 hxg3 47. hxg3 Ke7 48. Kc2 Rbc7 49. Kb3 e5 50. Rc5 exd4 51. cxd4 Rb7 52. Raa5 Ke6 53. Ra1 Rb8 54. b5 Rh8 55. Rc6+ Ke7 56. b6 Rh3 57. Rc7 Rxg3 58. b7 1-0